[Event "Sachsen-Anhalt-ch playoff"]
[Site "Loeberitz"]
[Date "2011.06.19"]
[Round "?"]
[White "Schindler, Christian"]
[Black "Reipsch, Jens"]
[Result "0-1"]
[WhiteElo "2201"]
[BlackElo "2234"]
[PlyCount "118"]
[EventDate "2011.06.19"]
[EventType "match"]
[EventRounds "1"]
[EventCountry "GER"]
[SourceTitle "EXT 2012"]
[Source "ChessBase"]
[SourceDate "2011.11.24"]
[SourceVersion "1"]
[SourceVersionDate "2011.11.24"]
[SourceQuality "1"]

1. d4 Nf6 2. Nf3 c6 3. c4 b5 4. e3 bxc4 5. Bxc4 g6 6. 0-0 Bg7 7. b3 0-0 8. Bb2 Ba6 9. Qe2 Qb6 10. Nbd2 d5 11. Bxa6 Nxa6 12. Ba3 c5 13. Rac1 Rfc8 14. dxc5 Nxc5 15. Rc2 Rc7 16. Rfc1 Rac8 17. Bb2 Nfe4 18. Bd4 Bxd4 19. Nxd4 Nxd2 20. Qxd2 Ne4 21. Qd3 Rxc2 22. Rxc2 Rxc2 23. Nxc2 Qa5 24. a3 e6 25. b4 Qc7 26. f3 Nd6 27. Kf2 Nc4 28. g3 h5 29. Qc3 h4 30. a4 Qd7 31. b5 e5 32. g4 e4 33. Qd4 exf3 34. Kxf3 Qc7 35. Kg2 Qe7 36. Kh3 Ne5 37. Qxd5 Qf6 38. Qe4 Nf3 39. Qf4 Ng1+ 40. Kg2 Qb2 41. Qf2 Qc1 42. Qxh4 Qxc2+ 43. Kxg1 Qxa4 44. Qd8+ Kh7 45. Qd7 Qa2 46. h4 Kg7 47. Qd4+ Kg8 48. h5 gxh5 49. gxh5 Qb1+ 50. Kf2 Qf5+ 51. Kg3 Qxb5 52. Qg4+ Kh7 53. Kh4 Qe5 54. Qd4 Qe7+ 55. Kg4 Qe6+ 56. Kh4 a6 57. e4 a5 58. Qd5 a4 59. Qc4 Qxc4 0-1

[Event "Sachsen-Anhalt-ch 21st"]
[Site "Magdeburg"]
[Date "2011.06.02"]
[Round "1.3"]
[White "Richter, Dustin"]
[Black "Schindler, Christian"]
[Result "0-1"]
[WhiteElo "2085"]
[BlackElo "2183"]
[PlyCount "92"]
[EventDate "2011.06.02"]
[EventType "tourn"]
[EventRounds "7"]
[EventCountry "GER"]
[SourceTitle "EXT 2012"]
[Source "ChessBase"]
[SourceDate "2011.11.24"]
[SourceVersion "1"]
[SourceVersionDate "2011.11.24"]
[SourceQuality "1"]

1. e4 Nf6 2. e5 Nd5 3. c4 Nb6 4. d4 d6 5. f4 dxe5 6. fxe5 Nc6 7. Be3 Bf5 8. Nc3 e6 9. Nf3 Be7 10. d5 exd5 11. cxd5 Nb4 12. Nd4 Bd7 13. e6 fxe6 14. dxe6 Bc6 15. Qg4 Bh4+ 16. g3 Bxh1 17. gxh4 0-0 18. 0-0-0 Qf6 19. Bb5 Bc6 20. Bg5 Qe5 21. e7 Rfe8 22. Bxc6 Nxc6 23. Nf5 Rxe7 24. Bxe7 Nxe7 25. Nh6+ Kf8 26. Rf1+ Ke8 27. Nf7 Qe3+ 28. Kc2 g6 29. Rf3 Nf5 30. Rxf5 gxf5 31. Qg8+ Ke7 32. Qxh7 Rf8 33. Ng5+ Kd8 34. Qh6 Qf2+ 35. Kb3 Re8 36. Qg6 Qxh4 37. Nf7+ Ke7 38. Ng5 Qc4+ 39. Kc2 Na4 40. Qxf5 Nxc3 41. bxc3 Qxa2+ 42. Kc1 Qc4 43. Kb2 c6 44. Qh7+ Kd6 45. Nf7+ Kc5 46. Qf5+ Kb6 0-1